000 01702nam a2200325 c 4500
999 _c174549
_d174549
003 BLK
005 20211216121759.0
008 180411b bul|||||r ||||||| ||bul||
010 _aKNG00183038000
040 _aBLK
041 _aBUL
_cBUL
080 _aБългарска литература
_b821.163.2
_x-32
_z821.163.2-32
080 _aАприлско въстание (1876). Четата на Хр. Ботев
_b94(497.2)"1876"
_x(092)
_z94(497.2)"1876"(092)
080 _aРайна Попгеоргиева Футекова-Дипчева. Българска учителка, ушила главното въстаническо знаме на Панагюрски революционен окръг за Априлското въстание
_b929 Райна княгиня
_z929 Райна княгиня
100 1 _aХрусанов, Георги Димитров
_eпърви автор
_9309550
139 _aХрусанов, Георги Димитров
_bХ 91
245 1 0 _aЗнаменоската
_bРазкази за Райна Княгина - Райна п. Георгиева : За горна училищна възраст
_cГеорги Димитров Хрусанов; худож. Иван Иванов Гонгалов.
257 _aBGR
260 _aСофия
_bНар. младеж
_c1961
300 _a120 с.
_bс ил.
_c21 см
380 _aX
500 _a10 100 тир.
600 1 4 _aРайна княгиня
_9244832
700 1 _aГонгалов, Иван Иванов
_eхудож.
_9371662
852 _aЦб 18233
_bЦб
856 4 _qpdf
856 4 _qpdf
942 _cKNG
_n0
_s1
944 _aCR
_c01.10.2015
_kКети_Илиева
944 _aED
_c25.09.2017
_kВася_Ганчева
999 _d174549